|
|
|
|
| LEADER |
01325cam a2200361Ia 4500 |
| 001 |
9780203976340 |
| 003 |
FlBoTFG |
| 005 |
20110119191317.0 |
| 006 |
a|||||s||||||||||| |
| 007 |
cr|||| |
| 008 |
110119s1992 enkb sb 001 0beng d |
| 010 |
|
|
|a 92013934
|
| 020 |
|
|
|a 9780203976340 (e-book : PDF)
|
| 040 |
|
|
|a FlBoTFG
|c FlBoTFG
|d GrThAP
|
| 043 |
|
|
|a e------
|a ff-----
|a aw-----
|
| 090 |
|
|
|a DG282
|b .S46 1992
|
| 092 |
|
|
|a 937.07092
|b S559
|
| 100 |
1 |
|
|a Shotter, D. C. A.
|q (David Colin Arthur)
|
| 245 |
1 |
0 |
|a Tiberius Caesar
|h [electronic resource] /
|c David Shotter.
|
| 260 |
|
|
|a London ;
|a New York :
|b Routledge,
|c 1992.
|
| 300 |
|
|
|a ix, 97 p. :
|b maps ;
|c 22 cm.
|
| 490 |
1 |
|
|a Lancaster pamphlets
|
| 504 |
|
|
|a Includes bibliographical references (p. 95-97) and index.
|
| 530 |
|
|
|a Also available in print edition.
|
| 533 |
|
|
|a Electronic reproduction.
|b [London, Eng. :
|b Taylor and Francis,
|d 2010].
|n PDF file created from digital scan of print book.
|
| 600 |
0 |
0 |
|a Tiberius,
|c Emperor of Rome,
|d 42 B.C.-37 A.D.
|
| 650 |
|
0 |
|a Emperors
|z Rome
|v Biography.
|
| 651 |
|
0 |
|a Rome
|x History
|y Tiberius, 14-37.
|
| 655 |
|
7 |
|a Electronic books.
|2 lcsh
|
| 776 |
1 |
|
|z 9780415076548
|
| 776 |
1 |
|
|z 0415076544
|
| 830 |
|
0 |
|a Lancaster pamphlets.
|
| 856 |
4 |
0 |
|u http://www.tandfebooks.com/isbn/9780203976340
|z Full Text via HEAL-Link
|